Normal view
MARC view
Entry Nome pessoal
001 - NÚMERO DE CONTROLE
- campo de controle: 438
003 - IDENTIFICADOR DO NÚMERO DE CONTROLE
- campo de controle: Br
005 - DATA E HORÁRIO DA ÚLTIMA TRANSAÇÃO
- campo de controle: 20250205075158.0
008 - CAMPO DE DADOS FIXOS
- campo de controle de tamanho fixo: 100082|| acnnnaab| aaaa d
035 ## - NÚMERO DE CONTROLE DO SISTEMA
- Número de Controle do Sistema: 100082217082928E52
040 ## - FONTE DA CATALOGAÇÃO
- Instituição da catalogação original: Br
- Instituição que transcreveu o registro: Br
100 1# - CABEÇALHO--NOME PESSOAL
- Nome pessoal: Feiffer, Jules,
- Datas associadas ao nome: 1929-
670 ## - FONTE POSITIVA DOS DADOS
- Citação da fonte positiva dos dados: Autor de: O melhor de...1988.
670 ## - FONTE POSITIVA DOS DADOS
- Citação da fonte positiva dos dados: LC name aut. 77/83 set.
670 ## - FONTE POSITIVA DOS DADOS
- Citação da fonte positiva dos dados: LC on-line 21/08/2000
670 ## - FONTE POSITIVA DOS DADOS
- Citação da fonte positiva dos dados: BN Opale
670 ## - FONTE POSITIVA DOS DADOS
- Citação da fonte positiva dos dados: LC name auth. 77/86
670 ## - FONTE POSITIVA DOS DADOS
- Citação da fonte positiva dos dados: LC name auth. 87/93
670 ## - FONTE POSITIVA DOS DADOS
- Citação da fonte positiva dos dados: LC on line 12/08/99
- Dados encontrados na fonte localizada no subcampo: (d.n.)